000 00326nam a22001457a 4500
008 230123b ||||| |||| 00| 0 eng d
020 _a0394735412
041 _aeng
080 _a573
082 _a573PHI
100 _a16
101 _aBIOLO
245 _aTREES OF NORTH AMERICA AND EUROPE
_cPHILLIPS R
942 _2udc
_cBK
999 _c59244
_d59244